[Event "LTU-ch sf"]
[Site "Kaunas"]
[Date "2024.03.10"]
[Round "7"]
[White "Apsega, Vincentas"]
[Black "Cumacenko, Saule"]
[Result "0-1"]
[WhiteElo "1660"]
[BlackElo "1518"]
[PlyCount "64"]
[EventDate "2024.03.06"]
[EventType "swiss"]
[EventRounds "8"]
[EventCountry "LTU"]
[SourceTitle "CBM 219 Extra"]
[Source "ChessBase"]
[SourceDate "2024.05.31"]
[SourceVersion "1"]
[SourceVersionDate "2024.05.31"]
[SourceQuality "1"]

1. e4 e5 2. Nf3 Nc6 3. Bc4 Nf6 4. d3 Be7 5. 0-0 0-0 6. Re1 d6 7. a4 Bg4 8. c3 Re8 9. a5 a6 10. Qb3 Rf8 11. Qxb7 Qd7 12. Bd5 Nxd5 13. exd5 Na7 14. Qxa6 Bxf3 15. gxf3 Qh3 16. Qc4 f5 17. f4 Bh4 18. fxe5 f4 19. Ra4 Bg3 20. fxg3 f3 21. Kf2 Qg2+ 22. Ke3 f2 23. Rd1 Rf3+ 24. Kd4 f1Q 25. Rxf1 Qxf1 26. Be3 dxe5+ 27. Kxe5 Re8+ 28. Kd4 Rexe3 29. Kc5 Qxb1 30. d6+ Kh8 31. d7 Qxd3 32. Qd4 Qb5# 0-1

[Event "Taujenai-ch rapid"]
[Site "Taujenai"]
[Date "2023.10.29"]
[Round "8"]
[White "Apsega, Vincentas"]
[Black "Jasiukaitis, Domantas"]
[Result "0-1"]
[WhiteElo "1390"]
[BlackElo "1725"]
[PlyCount "140"]
[EventDate "2023.10.28"]
[EventType "swiss (rapid)"]
[EventRounds "10"]
[EventCountry "LTU"]
[SourceTitle "CBM 216 Extra"]
[Source "ChessBase"]
[SourceDate "2023.11.30"]
[SourceVersion "1"]
[SourceVersionDate "2023.11.30"]
[SourceQuality "1"]

1. e4 c5 2. c3 d5 3. exd5 Qxd5 4. d4 Nf6 5. Nf3 Bg4 6. Be2 e6 7. 0-0 Be7 8. Na3 0-0 9. Nc2 cxd4 10. Qxd4 Nc6 11. Qxd5 Nxd5 12. Ne3 Nxe3 13. Bxe3 Rfd8 14. Rfe1 Bf6 15. Rad1 Kf8 16. Kf1 Ke8 17. h3 Bh5 18. g4 Bg6 19. Rxd8+ Rxd8 20. Rd1 a6 21. Rxd8+ Bxd8 22. Nd4 Nxd4 23. Bxd4 f6 24. Bf3 b6 25. Ke2 Kd7 26. h4 Bb1 27. a3 Kd6 28. Bb7 a5 29. f4 Ba2 30. h5 Bc4+ 31. Kf2 Bd5 32. Ba6 e5 33. fxe5+ fxe5 34. Be3 Bh4+ 35. Ke2 Bd8 36. g5 Bf7 37. h6 gxh6 38. gxh6 Bg6 39. Bc4 Kc6 40. Kf3 Bf6 41. Kg4 Be7 42. Bg5 Bd6 43. Be6 Kc5 44. Bf5 Bxf5+ 45. Kxf5 Kc4 46. Kf6 e4 47. Kg7 Be5+ 48. Kxh7 Kd3 49. Bd8 e3 50. Bxb6 e2 51. Bf2 a4 52. Kg8 Kc2 53. h7 Kxb2 54. h8Q Bxh8 55. Kxh8 Kxc3 56. Kg7 Kb3 57. Kf6 Kxa3 58. Ke5 Kb3 59. Ke4 a3 60. Kd3 a2 61. Kxe2 a1Q 62. Be3 Qf6 63. Kd3 Qf5+ 64. Ke2 Kc2 65. Bf2 Qf4 66. Kf1 Kd2 67. Kg2 Qg4+ 68. Bg3 Ke2 69. Kh1 Qh3+ 70. Kg1 Kf3 0-1

[Event "Klaipeda Sea op-A 20th"]
[Site "Klaipeda"]
[Date "2023.07.28"]
[Round "3"]
[White "Pocius, Vaclovas"]
[Black "Apsega, Vincentas"]
[Result "1-0"]
[WhiteElo "1624"]
[BlackElo "1344"]
[PlyCount "113"]
[EventDate "2023.07.26"]
[EventType "swiss"]
[EventRounds "6"]
[EventCountry "LTU"]
[SourceTitle "CBM 215 Extra"]
[Source "ChessBase"]
[SourceDate "2023.09.30"]
[SourceVersion "1"]
[SourceVersionDate "2023.09.30"]
[SourceQuality "1"]

1. d4 d5 2. Nc3 Nf6 3. Bg5 e6 4. e4 dxe4 5. Nxe4 Be7 6. Bxf6 Bxf6 7. Nf3 0-0 8. c3 b6 9. Bd3 Bb7 10. Qe2 Be7 11. 0-0-0 a5 12. h4 a4 13. Rh3 Nd7 14. Nfg5 h6 15. f4 Nf6 16. Nxf6+ Bxf6 17. Qg4 Qd5 18. Kb1 a3 19. Ne4 Bxd4 20. cxd4 Qxd4 21. Nc3 Qf2 22. Bc2 Rfd8 23. Rg3 Rxd1+ 24. Nxd1 Qd4 25. f5 Qxg4 26. Rxg4 exf5 27. Bxf5 axb2 28. Kxb2 Re8 29. Nc3 Re1 30. Rd4 g6 31. Be4 Bxe4 32. Rxe4 Rxe4 33. Nxe4 Kg7 34. Kc3 f5 35. Nd2 Kf6 36. Kb4 g5 37. Kb5 Ke5 38. Kc6 Kd4 39. hxg5 hxg5 40. Nf3+ Ke3 41. Nxg5 Kf2 42. a4 Kxg2 43. Ne6 Kf3 44. Kxc7 Ke4 45. Kxb6 Kd5 46. a5 Kxe6 47. a6 Ke5 48. a7 Kf4 49. a8Q Kg3 50. Qa3+ Kg4 51. Qe3 f4 52. Qf2 f3 53. Kc5 Kf4 54. Kd4 Kg4 55. Ke4 Kh3 56. Qxf3+ Kh2 57. Qg4 1-0